|
|
|
|
| LEADER |
01297nam a2200325Ia 4500 |
| 001 |
EBC3239096 |
| 003 |
MiAaPQ |
| 005 |
20200520144314.0 |
| 006 |
m o d | |
| 007 |
cr cn||||||||| |
| 008 |
011031s2001 it s i000 0 eng d |
| 020 |
|
|
|z 9251045585
|
| 035 |
|
|
|a (MiAaPQ)EBC3239096
|
| 035 |
|
|
|a (Au-PeEL)EBL3239096
|
| 035 |
|
|
|a (CaPaEBR)ebr10018693
|
| 035 |
|
|
|a (OCoLC)927559088
|
| 040 |
|
|
|a MiAaPQ
|c MiAaPQ
|d MiAaPQ
|
| 050 |
|
4 |
|a HD9000.6
|b .P36 2001
|
| 110 |
2 |
|
|a Panel of Eminent Experts on Ethics in Food and Agriculture.
|
| 245 |
1 |
0 |
|a Report of the panel of eminent experts on ethics in food and agriculture
|h [electronic resource].
|
| 260 |
|
|
|a Rome :
|b Food and Agriculture Organization of the United Nations,
|c 2001.
|
| 300 |
|
|
|a vi, 26 p.
|
| 533 |
|
|
|a Electronic reproduction. Ann Arbor, MI : ProQuest, 2015. Available via World Wide Web. Access may be limited to ProQuest affiliated libraries.
|
| 546 |
|
|
|a English.
|
| 650 |
|
0 |
|a Food supply
|x Economic aspects
|v Periodicals.
|
| 650 |
|
0 |
|a Food supply
|x Environmental aspects
|v Periodicals.
|
| 650 |
|
0 |
|a Food supply
|x Government policy
|v Periodicals.
|
| 655 |
|
4 |
|a Electronic books.
|
| 710 |
2 |
|
|a ProQuest (Firm)
|
| 856 |
4 |
0 |
|u https://ebookcentral.proquest.com/lib/matrademy/detail.action?docID=3239096
|z Click to View
|